000 00436nam a2200157Ia 4500
001 40985
008 230418s2015 ii a g b000 u 903 u
020 _a9789381587188
082 _a342
100 _aVaidya,S,
_eAuthor.
245 0 _aConstitutional law
_cS. Vaidya
_hTextual Documents
260 _aAllahabad
_bAllahabad Law Agency
_c2015
300 _a118p.:
_c22cm.
653 _aConstitutional & administrative law
942 _2ddc
_cBK
999 _c40955
_d40955